| 000 | 00374nam a22001217a 4500 | ||
|---|---|---|---|
| 008 | 230605b xxu||||| |||| 00| 0 eng d | ||
| 082 |
_a328.3658 _bKNA |
||
| 100 |
_cKenya National Assembly _d2008 |
||
| 245 | _aA Guide to the Budget Process in Kenya a Glossary of Terms Used in the Budget Process | ||
| 260 |
_aNairobi _bParliament Buildings |
||
| 300 | _a40 p | ||
| 942 |
_2ddc _cBK |
||
| 999 |
_c444 _d444 |
||